000 00783nam a2200301Ia 4500
001 23486
003 IT-RoPAU
008 130308s9999 xx 000 0 und d
040 _aIT-RoPAU
040 _cIT-RoPAU
041 _aINGLESE
100 _aMorrison George
100 _gCodice Aut. SPICS: 7145
245 _aFrench Avant-Garde (The)
245 _bEmergence Of Film Art (The)
250 _a1a ed.
260 _aNEW YORK
260 _bW.W. Norton & Company
260 _c1979 [1° Ed.:1969 - Ed.Ling.Originale:1948]
300 _a"7 p. (prefazione: no ; testo: 7 [pagine: 111-117])"
500 _aAvanguardia Francese
650 _aSTORIA DEL CINEMA
650 _eCodice materia Spics: 6808
942 _cBK
957 _71
999 _c53632
_d53632
999 _bSI
999 _g1